| 000 | 00355nam a22001457a 4500 | ||
|---|---|---|---|
| 003 | MACL | ||
| 005 | 20170827134113.0 | ||
| 008 | 170827b xxu||||| |||| 00| 0 eng d | ||
| 040 | _cMACL | ||
| 100 |
_aBond,Ruskin _935902 |
||
| 245 | _aUpon An Old Wall Dreaming | ||
| 260 |
_aDelhi _bAleph Book Company _c2016 |
||
| 650 |
_aStories _968885 |
||
| 942 |
_2ddc _cBK |
||
| 999 |
_c56927 _d56927 |
||